000 00697cab a2200253 4500
001 ABS53206
008 090401t1995 xxu||||| |||| 00| 0 eng d
035 _a(Sirsi) u2647
041 _aeng
100 _aCatalano, A.
245 _aRe-establishing the Church
260 _c1995
350 _a0
490 _aEstates Gazette
_v(9530) 29 July 1995, 38-39(2)
520 _aProfile of the Church`s property fund under its new property manager, Andrew Brown.
650 _aBROWN ANDREW
650 _aCHURCH COMMISSIONERS
650 _aFUND MANAGEMENT
650 _aMETROCENTRE
650 _aPROPERTY FUND
690 _aPROPERTY-COMMERCIAL PROPERTY
942 _n0
948 _c04/03/1997
999 _c1593
_d1593